Wikileaks : inside Julian Assanges war on secrecy (Record no. 11563)
[ view plain ]
| 000 -LEADER | |
|---|---|
| fixed length control field | 00381nam a22001457a 4500 |
| 020 ## - INTERNATIONAL STANDARD BOOK NUMBER | |
| International Standard Book Number | 9780852652398 |
| 082 ## - DEWEY DECIMAL CLASSIFICATION NUMBER | |
| Classification number | 323.445 LEI |
| 100 ## - MAIN ENTRY--PERSONAL NAME | |
| Personal name | Leigh, David |
| 245 ## - TITLE STATEMENT | |
| Title | Wikileaks : inside Julian Assanges war on secrecy |
| 260 ## - PUBLICATION, DISTRIBUTION, ETC. | |
| Place of publication, distribution, etc. | Great Britain |
| Name of publisher, distributor, etc. | Guardian Books |
| Date of publication, distribution, etc. | 2011 |
| 300 ## - PHYSICAL DESCRIPTION | |
| Extent | xi, 340p. : |
| Accompanying material | 22 cm |
| 650 ## - SUBJECT ADDED ENTRY--TOPICAL TERM | |
| Topical term or geographic name entry element | Freedom of information |
| 700 ## - ADDED ENTRY--PERSONAL NAME | |
| Personal name | David Leigh |
| 942 ## - ADDED ENTRY ELEMENTS (KOHA) | |
| Koha item type | Book |
| Withdrawn status | Lost status | Damaged status | Not for loan | Collection code | Permanent Location | Current Location | Shelving location | Date acquired | Source of acquisition | Cost, normal purchase price | Total Checkouts | Total Renewals | Full call number | Barcode | Date last seen | Date last checked out | Price effective from | Koha item type |
|---|---|---|---|---|---|---|---|---|---|---|---|---|---|---|---|---|---|---|
| Central Library (CL) | Central Library (CL) | General Stacks | 01/20/2024 | Saeed Book Bank | 676.00 | 7 | 5 | 323.445 LEI | SEECS011945 | 09/08/2025 | 08/04/2021 | 02/07/2013 | Book |
